BIopesticide And Bloagents In Integrated Insect Post Mangemnt Of Mango (Record no. 496)

MARC details
000 -LEADER
fixed length control field 00321nam a22001217a 4500
041 ## - LANGUAGE CODE
Language code of text/sound track or separate title ENG
100 ## - MAIN ENTRY--PERSONAL NAME
Personal name Srivastava .P.R
245 ## - TITLE STATEMENT
Title BIopesticide And Bloagents In Integrated Insect Post Mangemnt Of Mango
260 ## - PUBLICATION, DISTRIBUTION, ETC. (IMPRINT)
Place of publication, distribution, etc U. P
Name of publisher, distributor, etc Anil Printing Press
Date of publication, distribution, etc 1998
300 ## - PHYSICAL DESCRIPTION
Extent 116
650 ## - SUBJECT ADDED ENTRY--TOPICAL TERM
Topical term or geographic name as entry element Agricultural
856 ## - ELECTRONIC LOCATION AND ACCESS
Uniform Resource Identifier Agricultural
Holdings
Withdrawn status Lost status Source of classification or shelving scheme Damaged status Not for loan Home library Current library Shelving location Date acquired Total Checkouts Barcode Date last seen Price effective from Koha item type
    Dewey Decimal Classification     College of Agricultural Engineering and Technology, Dapoli , Library College of Agricultural Engineering and Technology, Dapoli , Library Book Cart 27/08/2021   000959 27/08/2021 27/08/2021 Books

Contact Us: College of Agricultural Engineering and Technology, Dapoli, Dist.- Ratnagiri
Website: https://dbskkv.org Email: caetlibrary2015@gmail.com